LEADER 04881oam 22007454a 450 001 9910968241403321 005 20221024211949.0 010 $a9781575068343 010 $a1575068346 024 7 $a10.1515/9781575068343 035 $a(CKB)3710000000498258 035 $a(EBL)4395077 035 $a(SSID)ssj0001570931 035 $a(PQKBManifestationID)16218737 035 $a(PQKBTitleCode)TC0001570931 035 $a(PQKBWorkID)13877170 035 $a(PQKB)10375621 035 $a(PQKBManifestationID)13483607 035 $a(PQKBWorkID)13123477 035 $a(PQKB)24067784 035 $a(DLC) 2015029321 035 $a(Au-PeEL)EBL4395077 035 $a(CaPaEBR)ebr11197471 035 $a(OCoLC)915135843 035 $a(MdBmJHUP)musev2_79460 035 $a(MiAaPQ)EBC4395077 035 $a(DE-B1597)584543 035 $a(OCoLC)1269268746 035 $a(DE-B1597)9781575068343 035 $a(Perlego)2034232 035 $a(EXLCZ)993710000000498258 100 $a20150721d2015 uy 0 101 0 $aeng 135 $aur|n|---||||| 181 $ctxt 182 $cc 183 $acr 200 10$aPaul and His Mortality$eImitating Christ in the Face of Death /$fby R. Gregory Jenks 210 1$aWinona Lake, Indiana :$cEisenbrauns,$d2015. 210 4$d©2015. 215 $a1 online resource (306 p.) 225 0 $aBulletin for biblical research supplements ;$v12 300 $aDescription based upon print version of record. 311 08$a9781575068336 311 08$a1575068338 320 $aIncludes bibliographical references and index. 327 $aIntroduction -- The semantics of mortality -- Mortality among the Gentiles -- Mortality among the Jews : Torah -- Mortality among the Jews : the rest of the Old Testament canon -- Mortality among the Jews : the intertestamental period -- Jesus and voluntary death -- The nascent church and voluntary death -- Paul's views of death -- Paul's mortality in imitation of Jesus' death -- Conclusion : Paul and his mortality -- Appendix A : The date of Paul's death. 330 $aWhile many books are written on Jesus' death, a gap exists in writings about the theological significance of a believer's death, particularly in imitation of Jesus'. Paul, as a first apostolic witness who talked frequently about his own death, serves as a foundational model for how believers perceive their own death. While many have commented about Paul's stance on topics such as forensic righteousness and substitutionary atonement, less is written about Paul's personal experience and anticipation of his own death and the merit he assigned to it.Paul and His Mortality: Imitating Christ in the Face of Death explores how Paul faced his death in light of a ministry philosophy of imitation: as he sought to imitate Christ in his life, so he would imitate Christ as he faced his death. In his writings, Paul acknowledged his vulnerability to passive death as a mortal, that at any moment he might die or come near death. He gave us some of the most mournful and vitriolic words about how death is God's and our enemy. But he also spoke openly about choosing death: "My aim is to know him . . . to be like him in his death." This study seeks to show that Paul embraced death as a follower and imitator of Christ because the benefits of a good death supersede attempts at self-preservation. For him, embracing death is gain because it is honorable, because it reflects ultimate obedience to God, and because it is the reasonable response for those who understand that only Jesus' death provides atonement.Studying mortality is paradoxically a study of life. Peering at the prospect of life's end energizes life in the present. This urgency focuses on living with mission in step with God, the Creator and Sustainer of life, who is rightly referred to as Life itself. By focusing on mortality, we focus on Paul's theology of life in its practical aspects, in particular, living life qualitatively, aware of God's kingdom and mission and our limited quantity of days. 410 0$aBulletin for biblical research supplements ;$v12. 606 $aDeath$xReligious aspects$xChristianity$xHistory of doctrines$2fast$3(OCoLC)fst00888659 606 $aDeath$xBiblical teaching$2fast$3(OCoLC)fst00888615 606 $aDeath$xReligious aspects$xChristianity$xHistory of doctrines 606 $aDeath$xBiblical teaching 615 7$aDeath$xReligious aspects$xChristianity$xHistory of doctrines. 615 7$aDeath$xBiblical teaching. 615 7$aDeath$xReligious aspects$xChristianity$xHistory of doctrines. 615 7$aDeath$xBiblical teaching. 676 $a225.9/2 700 $aJenks$b R. Gregory$01811202 801 0$bMdBmJHUP 801 1$bMdBmJHUP 906 $aBOOK 912 $a9910968241403321 996 $aPaul and His Mortality$94362940 997 $aUNINA LEADER 06706oam 2201261 c 450 001 9910493740403321 005 20260302090207.0 010 $a9783839455074 010 $a3839455073 024 7 $a10.1515/9783839455074 035 $a(CKB)5590000000486989 035 $a(DE-B1597)567724 035 $a(DE-B1597)9783839455074 035 $a(MiAaPQ)EBC6754871 035 $a(Au-PeEL)EBL6754871 035 $a(OCoLC)1261014503 035 $a(transcript Verlag)9783839455074 035 $a(MiAaPQ)EBC6956253 035 $a(Au-PeEL)EBL6956253 035 $a(oapen)https://directory.doabooks.org/handle/20.500.12854/71390 035 $a(MiAaPQ)EBC30591484 035 $a(Au-PeEL)EBL30591484 035 $a(ScCtBLL)7fa7a704-af5c-4292-97ab-1c9d812e1ac0 035 $a(Perlego)1984291 035 $a(oapen)doab71390 035 $a(EXLCZ)995590000000486989 100 $a20260302d2021 uy 0 101 0 $ager 135 $aur||||||||||| 181 $ctxt$2rdacontent 182 $cc$2rdamedia 183 $acr$2rdacarrier 200 10$aJudith Butler und die Theologie der Freiheit$fGunda Werner 205 $a1st ed. 210 $aBielefeld$ctranscript Verlag$d2021 215 $a1 online resource (278 p.) 225 0 $aReligionswissenschaft 311 08$a9783837655070 311 08$a3837655075 327 $aFrontmatter 1 Inhalt 5 Vorwort 9 Theologische Relevanz 13 1. Verortung in der feministischen Landschaft - zwischen Backlash und kritischer Rede als Ort der Theologie 14 2. Ein interdisziplina?rer Dialog zwischen Philosophie und Theologie zur Wirkung von Macht 17 3. Wie sa?kular ist die sa?kulare Welt? Denkansto?ße von Judith Butler 21 Michel Foucaults Subjekttheorie 29 1. Erste theologiegeschichtliche Case Study: Verinnerlichung von Su?nde und Wiedergutmachung im 13. Jahrhundert 30 2. Bildung des Subjekts in der Unterwerfung: Foucaults Studie U?berwachen und Strafen 33 3. Zweite theologiehistorische Case Study: Institutionalisierung der Kontrolle in der Ohrenbeichte und ihre machtfo?rmigen Konsequenzen 40 4. Parrhesia - vom Sujet zum Subjekt 49 5. Erste theologische Parrhesia-Rezeption: Parrhesia als Weg aus der Krise der Kirche? 60 6. Was von Foucault zu lernen wa?re 67 1. Judith Butler und die Theorie der Subjektivation - Grundlagen der Subjektphilosophie 71 2. Rekonstruktion der Subjektphilosophie Butlers 79 3. Judith Butlers Subjekttheorie in konkreten Bezu?gen 110 4. Was von Judith Butler zu lernen wa?re 148 1. Vermachtet - erma?chtigt: An der Grenze der Vernunft menschlich werden 155 2. Menschlich-Werden in fraglicher Freiheit - eine Weiterentwicklung der Subjektphilosophie Butlers 171 1. Dritte theologiehistorische Case Study: Gender und Freiheit in der Entwicklung des Frauen-Marienbildes 177 2. Gender-Normierungen und freiheitliches Handeln im Widerstand - Anfrage an katholische Argumentationslinien 209 3. Parrhesia als Herausforderung fu?r katholische Theologie und kirchliches Handeln 214 1. Performative Versammlung als Ort der je eigenen Freiheit 231 2. Die Trias Freiheit - (Gender)Ko?rper - Macht(Kritik) als Strukturelemente einer Theologie der Freiheit 237 3. Eine Theologie der Freiheit: kreativ - performativ - kritisch 250 Literatur 255 330 $aJudith Butler und Michel Foucault haben der katholischen Theologie wesentliche Einsichten zu vermitteln, denn sie betonen ? mit je eigener Schwerpunktsetzung ? die Notwendigkeit einer genauen Machtanalyse. Dabei wird dem Gender und damit dem Körper, insbesondere auch in der sprachlosen Performativität, ein angemessener Raum gegeben. So kann Freiheit als Grundlage kreativen und kritischen menschlichen Handelns gedacht und für die Theologie umgesetzt werden. Die Problematiken dieser Themen innerhalb des katholischen Diskursraumes sind einerseits aktuell, andererseits haben sie eine Entstehungs- wie Rezeptionsgeschichte. Die Theologin und Dogmatikerin Gunda Werner erkundet, wie die Genderdiskurse zur Prägung des Subjektes Judith Butlers und Michel Foucaults Diskurskonzept der Parrhesia, des Wahrsprechens, für eine Theologie der Freiheit fruchtbar gemacht werden können. In mehreren Casestudies zeigt sie, wie die Trias Freiheit ? Gender (Körper) ? Macht (Kritik) die Kategorien und Strukturelemente einer Theologie der Freiheit bilden kann. 330 1 $aBesprochen in:Theologische Revue, 119 (2023), Katkja Winkler 330 1 $a»Die Einlösung der von der Verfasserin markierten Herausforderungen für eine Theologie der Freiheit steht freilich immer noch am Beginn und hat folglich noch einen weiten Weg vor sich. Als Wegzehrung sei dieses Buch empfohlen.« 410 0$aReligionswissenschaft 517 2 $aWerner, Judith Butler und die Theologie der Freiheit 606 $aTheologie 606 $aTheology 606 $aJudith Butler 606 $aFreiheit 606 $aLiberty 606 $aLeben 606 $aLife 606 $aParrhesia 606 $aEthik 606 $aEthics 606 $aGender 606 $aWahrheit 606 $aTruth 606 $aMichel Foucault 606 $aKörper 606 $aBody 606 $aMacht 606 $aPower 606 $aDiskurs 606 $aDiscourse 606 $aReligion 606 $aReligionswissenschaft 606 $aReligious Studies 606 $aPolitical Philosophy 606 $aPolitische Philosophie 606 $aPost-structuralism 606 $aPoststrukturalismus 615 4$aTheologie 615 4$aTheology 615 4$aJudith Butler 615 4$aFreiheit 615 4$aLiberty 615 4$aLeben 615 4$aLife 615 4$aParrhesia 615 4$aEthik 615 4$aEthics 615 4$aGender 615 4$aWahrheit 615 4$aTruth 615 4$aMichel Foucault 615 4$aKörper 615 4$aBody 615 4$aMacht 615 4$aPower 615 4$aDiskurs 615 4$aDiscourse 615 4$aReligion 615 4$aReligionswissenschaft 615 4$aReligious Studies 615 4$aPolitical Philosophy 615 4$aPolitische Philosophie 615 4$aPost-structuralism 615 4$aPoststrukturalismus 676 $a200 700 $aWerner$b Gunda$p

Gunda Werner, Karl-Franzen Universität Graz, Österreich

$4aut$01887728 712 02$aKarl Franzens Universität Graz $4fnd$4http://id.loc.gov/vocabulary/relators/fnd 801 0$bDE-B1597 801 1$bDE-B1597 906 $aBOOK 912 $a9910493740403321 996 $aJudith Butler und die Theologie der Freiheit$94525293 997 $aUNINA